000
002920000a22000970004500
100
1
_a
Abdul Mohan, Joy Evelyn
245
1
0
_a
The longing of humanity and the peace og God : Christmas, Luke 2.1-20
300
_a
Vol 53, Num 1 (Marzo, 2003), Páginas 11-13
773
0
_t
Reformed World
942
_c
ANA
999
_c
55628
_d
55628